Changing contours of arid ecology: physical and cultural heritage (Record no. 367592)

000 -LEADER
fixed length control field 00439cam a22001457a 4500
008 - FIXED-LENGTH DATA ELEMENTS--GENERAL INFORMATION
fixed length control field 180718b1993 xxu||||| |||| 00| 0 eng d
020 ## - INTERNATIONAL STANDARD BOOK NUMBER
International Standard Book Number 8185304726
082 ## - DEWEY DECIMAL CLASSIFICATION NUMBER
Classification number O91 C361
245 ## - TITLE STATEMENT
Title Changing contours of arid ecology: physical and cultural heritage
Statement of responsibility, etc. edited by Indra Pal
260 ## - PUBLICATION, DISTRIBUTION, ETC.
Place of publication, distribution, etc. Jaipur
Name of publisher, distributor, etc. Asian Environmental Council
Date of publication, distribution, etc. 1993
300 ## - PHYSICAL DESCRIPTION
Extent 368p.
650 ## - SUBJECT ADDED ENTRY--TOPICAL TERM
Topical term or geographic name entry element Arid Regions Ecology - India
650 ## - SUBJECT ADDED ENTRY--TOPICAL TERM
Topical term or geographic name entry element Ecology
700 ## - ADDED ENTRY--PERSONAL NAME
Personal name Indra Pal
Holdings
Withdrawn status Lost status Damaged status Not for loan Permanent Location Current Location Date acquired Full call number Barcode Date last seen Price effective from Koha item type
        Indian Institute of Public Administration Indian Institute of Public Administration 1994-05-31 O91 C361 68053 2018-07-21 2018-07-21 Book

Powered by Koha